| 000 | 00477nam a22001817a 4500 | ||
|---|---|---|---|
| 003 | CEME | ||
| 005 | 20210628202701.0 | ||
| 008 | 210122b xxu||||| |||| 00| 0 eng d | ||
| 020 | _a81-312-0232-1 | ||
| 040 | _cceme | ||
| 082 | _a621.366 SEM | ||
| 100 |
_aKapon, Eli _961060 |
||
| 245 | _aSemiconductor lasers -2 materials and structures | ||
| 250 | _aVOL-2 | ||
| 260 |
_aNEW YORK _bACADEMIC PRESS _c2006 |
||
| 650 |
_aSEMICONDUCTOR LASERS.LASER _961061 |
||
| 942 |
_cBK _2ddc |
||
| 999 |
_c570624 _d570624 |
||